000 00397nam a2200157Ia 4500
003 GCL
008 140319s9999 xx 000 0 ara d
040 _aGCL /
_cGCL
082 0 4 _aد
_b050
100 1 _aالبدوى الملثم
245 1 0 _aعرس و ماتم (اقرا 199) /
_cالبدوى الملثم
300 _a119
490 _aاقرأ
_v0
650 0 4 _aالقصص
942 _2ddc
_cBK
999 _c48554
_d48554